Southville International School and Colleges
Your cart is empty.
  • Cart
  • Lists
    Public lists Eva Luna New books Lux_list list_1
    Your lists Log in to create your own lists
  • Log in to your account
  • Your cookies
  • Search history
Southville International School and Colleges
  • Advanced search
  • Recent comments
  • Most popular
  • Libraries

Log in to your account

Log in with GOOGLE


If you do not have an external account, but do have a local account, you can still log in:

  1. Home
  2. MARC view: Real estate development strategy for investors
Normal view MARC view ISBD view

Real estate development strategy for investors (Record no. 365909)

[ view plain ]
MARC details
000 -LEADER
fixed length control field 00579nam a22001817a 4500
003 - CONTROL NUMBER IDENTIFIER
control field 0
005 - DATE AND TIME OF LATEST TRANSACTION
control field 20240207154616.0
008 - FIXED-LENGTH DATA ELEMENTS--GENERAL INFORMATION
fixed length control field 240207b xxu||||| |||| 00| 0 eng d
020 ## - INTERNATIONAL STANDARD BOOK NUMBER
International Standard Book Number 978-1-119-88732-4
050 ## - LIBRARY OF CONGRESS CALL NUMBER
Classification number HD 1390
Item number .F67 2022
100 ## - MAIN ENTRY--PERSONAL NAME
Personal name Forlee, Ron
245 ## - TITLE STATEMENT
Title Real estate development strategy for investors
Statement of responsibility, etc Ron Forlee
260 ## - PUBLICATION, DISTRIBUTION, ETC. (IMPRINT)
Place of publication, distribution, etc Australia
Name of publisher, distributor, etc John Wiley & Sons Australia, Ltd
Date of publication, distribution, etc c2022.
300 ## - PHYSICAL DESCRIPTION
Extent xviii, 325 pages ;
Dimensions 25 cm.
504 ## - BIBLIOGRAPHY, ETC. NOTE
Bibliography, etc Includes bibliographical references, index, and glossary.
650 ## - SUBJECT ADDED ENTRY--TOPICAL TERM
Topical term or geographic name as entry element Real estate development.
942 ## - ADDED ENTRY ELEMENTS (KOHA)
Source of classification or shelving scheme Library of Congress Classification
Koha item type Books
Holdings
Withdrawn status Lost status Source of classification or shelving scheme Damaged status Home library Current library Shelving location Date acquired Source of acquisition Sub Shelving location Total Checkouts Full call number Barcode Date last seen Price effective from Koha item type
    Library of Congress Classification   College Library College Library Reserve Section 02/07/2024 Library Fund     HD 1390 .F67 2022 C23275 02/07/2024 02/07/2024 Books
    Library of Congress Classification   College Library College Library Reserve Section 02/07/2024 Library Fund     HD 1390 .F67 2022 C23274 02/07/2024 02/07/2024 Books

Real estate development strategy for investors

APA

Forlee R., . (2022). Real estate development strategy for investors. Australia: John Wiley & Sons Australia, Ltd.

Chicago

Forlee Ron, . 2022. Real estate development strategy for investors. Australia: John Wiley & Sons Australia, Ltd.

Harvard

Forlee R., . (2022). Real estate development strategy for investors. Australia: John Wiley & Sons Australia, Ltd.

MLA

Forlee Ron, . Real estate development strategy for investors. Australia: John Wiley & Sons Australia, Ltd. 2022.

  • Place hold
  • Print
  • Cite
  • Add to your cart (remove)
  • Save record
    BIBTEX Dublin Core MARCXML MARC (non-Unicode/MARC-8) MARC (Unicode/UTF-8) MARC (Unicode/UTF-8, Standard) MODS (XML) RIS
  • More searches
    Search for this title in:
    Other Libraries (WorldCat) Other Databases (Google Scholar) Online Stores (Bookfinder.com) Open Library (openlibrary.org)

Exporting to Dublin Core...

SOUTHVILLE LIBRARY

Southville International School and Colleges Library

1281 Tropical Ave. Cor. Luxembourg St., BF Homes International, Las Pinas City

Tel. No. 8256374 / 252358 Loc. 117/146

Powered by Koha